[Event "TUR-chT 2nd League"]
[Site "Konya"]
[Date "2022.08.27"]
[Round "8.7"]
[White "Bedir, Bekircan"]
[Black "Giray, Canberk"]
[Result "0-1"]
[WhiteElo "1873"]
[BlackElo "1548"]
[PlyCount "116"]
[EventDate "2022.08.22"]
[EventType "team-swiss"]
[EventRounds "9"]
[EventCountry "TUR"]
[SourceTitle "CBM 210 Extra"]
[Source "ChessBase"]
[SourceDate "2022.11.30"]
[SourceVersion "1"]
[SourceVersionDate "2022.11.30"]
[SourceQuality "1"]
[WhiteTeam "Sakarya Satranc"]
[BlackTeam "Duzce AS"]
[WhiteTeamCountry "TUR"]
[BlackTeamCountry "TUR"]

1. e4 d6 2. d4 Nf6 3. Nc3 g6 4. Nf3 Bg7 5. Be2 0-0 6. 0-0 c5 7. d5 Nbd7 8. h3 a6 9. a4 b6 10. Re1 Ne8 11. Bf4 Ne5 12. Qd2 Nc7 13. Rad1 Rb8 14. Nxe5 dxe5 15. Bg5 Qd6 16. Bxe7 Qxe7 17. d6 Qd8 18. dxc7 Qxc7 19. Bc4 Bb7 20. Qd7 Rbc8 21. Qxc7 Rxc7 22. Rd6 Rc6 23. Rd7 Bc8 24. Ra7 Rd6 25. Bxa6 Be6 26. b3 Bh6 27. Nd5 Bxd5 28. Rd1 Rfd8 29. Rxd5 Rxd5 30. exd5 Rxd5 31. Bc4 Rd1+ 32. Kh2 Rd2 33. Rxf7 Rxc2 34. Rf6+ Kg7 35. Rxb6 Rxf2 36. Rb7+ Kh8 37. Kg3 Ra2 38. Kf3 Bd2 39. Rc7 Bb4 40. h4 Rc2 41. Re7 Bc3 42. Re8+ Kg7 43. Re7+ Kh8 44. Re8+ Kg7 45. g4 h5 46. Re7+ Kh8 47. Re8+ Kg7 48. Rg8+ Kh7 49. Rxg6 e4+ 50. Kxe4 Kxg6 51. Kd5 Rd2+ 52. Kxc5 hxg4 53. b4 g3 54. Bf1 Rf2 55. Bh3 Kh5 56. a5 Bxb4+ 57. Kxb4 Kxh4 58. a6 Kxh3 0-1

[Event "TUR-chT 2nd League"]
[Site "Konya"]
[Date "2022.08.26"]
[Round "7.6"]
[White "Giray, Canberk"]
[Black "Ozkeskin, Nazim Efe"]
[Result "1/2-1/2"]
[WhiteElo "1548"]
[BlackElo "1596"]
[PlyCount "104"]
[EventDate "2022.08.22"]
[EventType "team-swiss"]
[EventRounds "9"]
[EventCountry "TUR"]
[SourceTitle "CBM 210 Extra"]
[Source "ChessBase"]
[SourceDate "2022.11.30"]
[SourceVersion "1"]
[SourceVersionDate "2022.11.30"]
[SourceQuality "1"]
[WhiteTeam "Duzce AS"]
[BlackTeam "Cesme Belediye"]
[WhiteTeamCountry "TUR"]
[BlackTeamCountry "TUR"]

1. e4 e5 2. Nf3 Nc6 3. Bc4 Nf6 4. d3 Be7 5. 0-0 d6 6. a3 0-0 7. Re1 Be6 8. Nbd2 Na5 9. Bxe6 fxe6 10. d4 exd4 11. Nxd4 Qd7 12. N2f3 e5 13. Nf5 Nc6 14. Qe2 Kh8 15. Bg5 Nxe4 16. Bxe7 Rxf5 17. Nh4 Rf7 18. Qh5 Qe6 19. Rxe4 Nxe7 20. f4 Rxf4 21. Rxf4 exf4 22. Nf3 Qf5 23. Qh4 Ng6 24. Qf2 Ne5 25. Nxe5 Qxe5 26. Re1 Qf6 27. Qxa7 Rf8 28. Qxb7 h6 29. c3 Qg5 30. Qf3 Qc5+ 31. Qf2 Qd5 32. Qf3 Qc5+ 33. Qf2 Qg5 34. Qf3 Qf5 35. h3 Qb5 36. Re2 Rf5 37. Qa8+ Kh7 38. Qe4 Kg8 39. Qe8+ Qxe8 40. Rxe8+ Kf7 41. Re4 g5 42. Rc4 c5 43. Kf2 Ke6 44. Re4+ Re5 45. Kf3 Kf5 46. Rxe5+ dxe5 47. a4 e4+ 48. Ke2 Ke5 49. a5 Kd5 50. a6 Kc6 51. b4 cxb4 52. cxb4 Kb6 1/2-1/2

[Event "TUR-chT 2nd League"]
[Site "Konya"]
[Date "2022.08.24"]
[Round "4.13"]
[White "Cekli, Cem"]
[Black "Giray, Canberk"]
[Result "0-1"]
[WhiteElo "1777"]
[BlackElo "1548"]
[PlyCount "100"]
[EventDate "2022.08.22"]
[EventType "team-swiss"]
[EventRounds "9"]
[EventCountry "TUR"]
[SourceTitle "CBM 210 Extra"]
[Source "ChessBase"]
[SourceDate "2022.11.30"]
[SourceVersion "1"]
[SourceVersionDate "2022.11.30"]
[SourceQuality "1"]
[WhiteTeam "Konya Erkin"]
[BlackTeam "Duzce AS"]
[WhiteTeamCountry "TUR"]
[BlackTeamCountry "TUR"]

1. d4 Nf6 2. c4 g6 3. Nc3 Bg7 4. e4 d6 5. h3 0-0 6. Nf3 e5 7. d5 a5 8. Be2 Na6 9. Bg5 h6 10. Be3 Nd7 11. g4 Ndc5 12. Qd2 Kh7 13. g5 h5 14. Qc2 Bd7 15. a3 a4 16. Nd2 b6 17. 0-0-0 Qe7 18. Rdg1 Rae8 19. Qd1 Rh8 20. h4 Kg8 21. Rg2 Rf8 22. Rhg1 Re8 23. Kb1 Rb8 24. Rh2 Qe8 25. Nb5 Rc8 26. Ka2 Qe7 27. f3 Be8 28. Rf2 c6 29. Nc3 Rb8 30. dxc6 Bxc6 31. Nd5 Bxd5 32. exd5 e4 33. f4 Nd3 34. Bxd3 exd3 35. Re1 b5 36. Nf3 bxc4 37. Bd4 Qb7 38. Bxg7 Kxg7 39. Qxa4 Qb5 40. Qxb5 Rxb5 41. f5 Rhb8 42. fxg6 R8b7 43. Nd4 Rxd5 44. Ref1 Rxd4 45. gxf7 Kf8 46. g6 Rg4 47. Re1 Rb8 48. Re6 Nc5 49. g7+ Rxg7 50. Rh6 Ke7 0-1

[Event "TUR-chT 2nd League"]
[Site "Konya"]
[Date "2022.08.23"]
[Round "3.10"]
[White "Giray, Canberk"]
[Black "Eke, Salih"]
[Result "0-1"]
[WhiteElo "1548"]
[BlackElo "2133"]
[PlyCount "130"]
[EventDate "2022.08.22"]
[EventType "team-swiss"]
[EventRounds "9"]
[EventCountry "TUR"]
[SourceTitle "CBM 210 Extra"]
[Source "ChessBase"]
[SourceDate "2022.11.30"]
[SourceVersion "1"]
[SourceVersionDate "2022.11.30"]
[SourceQuality "1"]
[WhiteTeam "Duzce AS"]
[BlackTeam "Ortaca Belediye"]
[WhiteTeamCountry "TUR"]
[BlackTeamCountry "TUR"]

1. e4 c5 2. Nf3 Nc6 3. d4 cxd4 4. Nxd4 Nf6 5. Nc3 e5 6. Ndb5 d6 7. Nd5 Nxd5 8. exd5 Nb8 9. a4 Be7 10. Be2 a6 11. Na3 0-0 12. Bd2 b6 13. Nc4 Nd7 14. 0-0 Bb7 15. Be3 b5 16. Na3 Nf6 17. c4 bxc4 18. Bxc4 Qd7 19. Bb3 Qf5 20. Qd2 Ng4 21. Rac1 Qh5 22. h3 Nxe3 23. fxe3 Rac8 24. Nc4 Qh6 25. Nb6 Bg5 26. Rfe1 Rxc1 27. Qxc1 Qh4 28. Qc3 Qg3 29. Kh1 e4 30. Re2 f5 31. Qe1 f4 32. Qxg3 fxg3 33. Kg1 Rf2 34. Rxf2 Bxe3 35. Kf1 Bxf2 36. a5 Kf7 37. Nc4 Bxd5 38. Nxd6+ Ke6 39. Bxd5+ Kxd5 40. Ne8 Kc4 41. Ke2 Kb5 42. Nd6+ Kxa5 43. Nxe4 Bd4 44. Kd3 Bxb2 45. Nxg3 Kb4 46. Kc2 Bf6 47. Ne4 a5 48. g4 a4 49. Kb1 Kc4 50. Nd6+ Kb3 51. Ne4 Be7 52. h4 Bb4 53. h5 a3 54. g5 g6 55. hxg6 hxg6 56. Ka1 Bc3+ 57. Nxc3 Kxc3 58. Ka2 Kb4 59. Ka1 Kc4 60. Ka2 Kd5 61. Kxa3 Ke5 62. Kb2 Kf5 63. Kc2 Kxg5 64. Kd2 Kf4 65. Ke2 Kg3 0-1

[Event "TUR-ch U13-U18"]
[Site "Antalya"]
[Date "2020.01.22"]
[Round "6"]
[White "Giray, Canberk"]
[Black "Akdag, Omer Amir"]
[Result "0-1"]
[WhiteElo "1481"]
[BlackElo "1932"]
[PlyCount "88"]
[EventDate "2020.01.19"]
[EventType "swiss"]
[EventRounds "11"]
[EventCountry "TUR"]
[SourceTitle "CBM 195 Extra"]
[Source "ChessBase"]
[SourceDate "2020.05.31"]
[SourceVersion "1"]
[SourceVersionDate "2020.05.31"]
[SourceQuality "1"]

1. e4 c5 2. Nf3 e6 3. c3 Nf6 4. e5 Nd5 5. d4 cxd4 6. cxd4 d6 7. a3 Bd7 8. Bd3 Bc6 9. 0-0 Nd7 10. Re1 Rc8 11. Nbd2 dxe5 12. dxe5 Nc5 13. Bb1 Nf4 14. b4 Ba4 15. Bc2 Bxc2 16. Qxc2 Ncd3 17. Qa4+ Qd7 18. Qxd7+ Kxd7 19. Nb3 Nxe1 20. Bxf4 Nxf3+ 21. gxf3 Rc3 22. Nd4 a6 23. Rd1 Kc8 24. Bg5 b5 25. Ne2 Rc7 26. Rd8+ Kb7 27. Be3 g6 28. f4 Bg7 29. Rd6 Ra8 30. Ng3 Bf8 31. Rb6+ Kc8 32. Ne4 a5 33. Bc5 Rb7 34. Rxb7 Kxb7 35. Bxf8 Rxf8 36. Nd6+ Kc6 37. bxa5 Ra8 38. Nxf7 Rxa5 39. Ng5 Kd5 40. Nxh7 Rxa3 41. Nf8 b4 42. Nxg6 b3 43. Ne7+ Kc5 44. f5 b2 0-1

[Event "TUR-chT2"]
[Site "Konya"]
[Date "2018.07.14"]
[Round "8.18"]
[White "Peker, Yavuz Selim"]
[Black "Giray, Canberk"]
[Result "0-1"]
[WhiteElo "1443"]
[BlackElo "1401"]
[PlyCount "90"]
[EventDate "2018.07.10"]
[EventType "team-swiss"]
[EventRounds "9"]
[EventCountry "TUR"]
[SourceTitle "EXT 2019"]
[Source "ChessBase"]
[SourceDate "2018.10.10"]
[SourceVersion "1"]
[SourceVersionDate "2018.10.10"]
[SourceQuality "1"]
[WhiteTeam "Edeler Gorme"]
[BlackTeam "Duzce Belediye Genclik"]
[WhiteTeamCountry "TUR"]
[BlackTeamCountry "TUR"]

1. e4 e6 2. d4 d5 3. exd5 exd5 4. Bd3 Nf6 5. Nf3 Bd6 6. 0-0 0-0 7. c3 Bg4 8. Bg5 Nbd7 9. Nbd2 c6 10. Qc2 Qc7 11. Rfe1 Rae8 12. h3 Bh5 13. c4 dxc4 14. Bxc4 Bg6 15. Bd3 Bxd3 16. Qxd3 Bf4 17. Qb3 Bxg5 18. Nxg5 h6 19. Rxe8 Nxe8 20. Ngf3 Nef6 21. Re1 Nd5 22. Ne5 Re8 23. Ndf3 f6 24. Nxd7 Rxe1+ 25. Nxe1 Qxd7 26. Nd3 b6 27. Nb4 Kf7 28. Qc4 b5 29. Qxc6 Qxc6 30. Nxc6 a6 31. a3 Ke6 32. Kf1 Nc7 33. Nb4 a5 34. Nc2 Kd5 35. Ke2 Kc4 36. b4 axb4 37. axb4 Nd5 38. Ne3+ Nxe3 39. fxe3 Kxb4 40. Kd3 f5 41. Kd2 Kc4 42. Kc2 f4 43. exf4 Kxd4 44. Kb1 Ke4 45. g3 Kf3 0-1

[Event "TUR-chT2"]
[Site "Konya"]
[Date "2018.07.10"]
[Round "1.1"]
[White "Giray, Canberk"]
[Black "Donmez, Taha Mert"]
[Result "0-1"]
[WhiteElo "1401"]
[BlackElo "1926"]
[PlyCount "54"]
[EventDate "2018.07.10"]
[EventType "team-swiss"]
[EventRounds "9"]
[EventCountry "TUR"]
[SourceTitle "EXT 2019"]
[Source "ChessBase"]
[SourceDate "2018.10.10"]
[SourceVersion "1"]
[SourceVersionDate "2018.10.10"]
[SourceQuality "1"]
[WhiteTeam "Duzce Belediye Genclik"]
[BlackTeam "Adana Ceyhan Belediye"]
[WhiteTeamCountry "TUR"]
[BlackTeamCountry "TUR"]

1. e4 g6 2. d4 Bg7 3. Nf3 c5 4. c3 cxd4 5. cxd4 d5 6. e5 Nc6 7. Nc3 Nh6 8. Be2 0-0 9. 0-0 Bg4 10. h3 Bxf3 11. Bxf3 e6 12. Be3 Nf5 13. g4 Nxe3 14. fxe3 Qg5 15. Qe2 Rac8 16. Nb5 a6 17. Nd6 Rc7 18. Qf2 Nxe5 19. dxe5 Qxe5 20. Nxb7 Rxb7 21. b3 Bh6 22. Rae1 Rc7 23. e4 d4 24. h4 Be3 25. Rxe3 dxe3 26. Qxe3 Qg3+ 27. Kh1 Rc2 0-1